<?xml version="1.0" encoding="UTF-8"?>
<record
    xmlns:xsi="http://www.w3.org/2001/XMLSchema-instance"
    xsi:schemaLocation="http://www.loc.gov/MARC21/slim http://www.loc.gov/standards/marcxml/schema/MARC21slim.xsd"
    xmlns="http://www.loc.gov/MARC21/slim">

  <leader>00435cam a2200157   4500</leader>
  <controlfield tag="001">2336</controlfield>
  <controlfield tag="005">20181127164950.0</controlfield>
  <controlfield tag="008">011116s2002    enka          000 0 eng</controlfield>
  <datafield tag="010" ind1=" " ind2=" ">
    <subfield code="a">  2002483942</subfield>
  </datafield>
  <datafield tag="020" ind1=" " ind2=" ">
    <subfield code="a">0375725342</subfield>
  </datafield>
  <datafield tag="100" ind1="1" ind2=" ">
    <subfield code="a">De Botton, Alain.</subfield>
  </datafield>
  <datafield tag="245" ind1="1" ind2="4">
    <subfield code="a">The art of travel /</subfield>
    <subfield code="c">Alain De Botton.</subfield>
  </datafield>
  <datafield tag="260" ind1=" " ind2=" ">
    <subfield code="a">New York :</subfield>
    <subfield code="b">Vintage International Books,</subfield>
    <subfield code="c">2002.</subfield>
  </datafield>
  <datafield tag="300" ind1=" " ind2=" ">
    <subfield code="a">261 p. :</subfield>
    <subfield code="b">ill. ;</subfield>
    <subfield code="c">18 cm.</subfield>
  </datafield>
  <datafield tag="650" ind1=" " ind2="0">
    <subfield code="a">Travel</subfield>
    <subfield code="x">Philosophy.</subfield>
  </datafield>
  <datafield tag="999" ind1=" " ind2=" ">
    <subfield code="c">1863</subfield>
    <subfield code="d">1863</subfield>
  </datafield>
  <datafield tag="952" ind1=" " ind2=" ">
    <subfield code="0">0</subfield>
    <subfield code="1">0</subfield>
    <subfield code="2">ddc</subfield>
    <subfield code="4">0</subfield>
    <subfield code="7">0</subfield>
    <subfield code="8">MAIN</subfield>
    <subfield code="a">RTCLIB</subfield>
    <subfield code="b">RTCLIB</subfield>
    <subfield code="c">MAIN</subfield>
    <subfield code="d">2021-09-22</subfield>
    <subfield code="h"> </subfield>
    <subfield code="i">1649</subfield>
    <subfield code="l">2</subfield>
    <subfield code="o">808.803 DEB</subfield>
    <subfield code="p">30001246</subfield>
    <subfield code="r">2024-04-29 00:00:00</subfield>
    <subfield code="s">2024-04-08</subfield>
    <subfield code="t">1</subfield>
    <subfield code="w">2018-11-27</subfield>
    <subfield code="y">MAIN</subfield>
  </datafield>
  <datafield tag="952" ind1=" " ind2=" ">
    <subfield code="0">0</subfield>
    <subfield code="1">0</subfield>
    <subfield code="2">ddc</subfield>
    <subfield code="4">0</subfield>
    <subfield code="7">0</subfield>
    <subfield code="8">MAIN</subfield>
    <subfield code="a">RTCLIB</subfield>
    <subfield code="b">RTCLIB</subfield>
    <subfield code="c">MAIN</subfield>
    <subfield code="h"> </subfield>
    <subfield code="i">5227</subfield>
    <subfield code="l">1</subfield>
    <subfield code="o">808.803 DEB</subfield>
    <subfield code="p">30001221</subfield>
    <subfield code="r">2019-11-06 00:00:00</subfield>
    <subfield code="s">2019-10-23</subfield>
    <subfield code="t">2</subfield>
    <subfield code="w">2018-11-27</subfield>
    <subfield code="y">MAIN</subfield>
  </datafield>
</record>
